| 000 | 01294nam a22003977a 4500 | ||
|---|---|---|---|
| 001 | 0048996 | ||
| 003 | KOHA_MİRAKIL | ||
| 005 | 20260207003635.0 | ||
| 007 | ta | ||
| 008 | 150629b2013 tu a|||gr||||#||||0|tur | | ||
| 020 | _a9786051068282 | ||
| 040 |
_aTR-BiSEU _btur _cTR-BiSEU _erda |
||
| 041 | 0 | _atur | |
| 044 | _ctu | ||
| 050 |
_aDF951 _b.M39 2013 |
||
| 100 | 1 | _aMazower, Mark. | |
| 245 | 1 |
_aSelanik : _bhayaletler Şehri : _bhristiyanlar, müslümanlar ve yahudiler(1430-1950)/ _cMark Mazower ; Mark Mazower ; çeviren Gül Çağalı Güven. |
|
| 264 | 1 |
_aİstanbul : _bAlfa Yayınları _c2013 |
|
| 300 |
_a632 sayfa : _bresimli, harita ; _c24 cm. |
||
| 336 |
_ametin _btxt _2rdacontent |
||
| 337 |
_aaracısız _bn _2rdamedia |
||
| 338 |
_acilt _bnc _2rdacarrier |
||
| 490 | 1 |
_aALfa Yayınları ; _v2531. |
|
| 490 | 1 |
_aTarih ; _v22. |
|
| 500 | _aÖzgün adı : Salonica, city of ghosts. | ||
| 500 | _aKaynakça var. | ||
| 500 | _aDizin var. | ||
| 650 | 0 |
_aSelanik--Yunanistan--Tarih. _989899 |
|
| 650 | 0 |
_aChristen. _989900 |
|
| 650 | 0 |
_ajudaism (1 adet) _989901 |
|
| 650 | 0 |
_aSelanik (Türkiye)--Tarih. _989902 |
|
| 650 | 0 |
_aSelanik (Türkiye)--Tarihçe. _989903 |
|
| 830 | 1 |
_aALfa Yayınları ; _v2531. _989904 |
|
| 830 | 1 |
_aTarih ; _v22. _910477 |
|
| 942 |
_2lcc _cBK |
||
| 999 |
_c48835 _d48835 |
||